000 00662cam a2200241 4500
008 000000n2001 000 0 eng u
020 _a1860814654
035 _a(Sirsi) u112768
041 _aeng
050 _a693.832
100 _aBarnard, N.
110 _aBuilding Research Establishment
245 _aModelling the performance of thermal mass.
260 _aLondon
_bCRC Ltd
_c2001
300 _a12p. ; 30cm.
490 _aBRE Information Paper
_v6/01
650 _aTHERMAL MASS
650 _aTHERMAL INSULATION
690 _aENVIRONMENTAL AND LAND CONSULTANCY-ENERGY
700 _aConcannon, P.
700 _aJaunzens, Denice
942 _n0
999 _c101468
_d101468